|
|
|
|
| LEADER |
00000nam a2200000Ii 4500 |
| 001 |
DIGDEU0435 |
| 003 |
NyNyDIG |
| 006 |
m o d |
| 007 |
cr ||||||||||| |
| 008 |
130501s2008 sp b 000 0 spa d |
| 020 |
|
|
|a 9788498307627
|q (eBook)
|
| 020 |
|
|
|z 8498301548
|
| 020 |
|
|
|z 9788498301540
|
| 035 |
|
|
|a (OCoLC)857077619
|
| 040 |
|
|
|a DGITA
|b eng
|e pn
|c DGITA
|
| 050 |
1 |
4 |
|a BS517.3 eBook
|
| 100 |
1 |
|
|a Vide Rodríguez, Vicente.
|
| 245 |
1 |
0 |
|a Biblia y cultura /
|c Vicente Vide Rodríguez, Eduardo Arens, Carlos Gil Arbiol, Lucía Ramón Carbonell, Leandro Sequeiros San Román.
|
| 264 |
|
1 |
|a Bilbao :
|b Universidad de Deusto,
|c 2008.
|
| 300 |
|
|
|a 1 online resource (115 pages)
|
| 336 |
|
|
|a text
|b txt
|2 rdacontent
|
| 337 |
|
|
|a computer
|b c
|2 rdamedia
|
| 338 |
|
|
|a online resource
|b cr
|2 rdacarrier
|
| 490 |
1 |
|
|a Cuadernos de teología Deusto ;
|v no. 35.
|
| 504 |
|
|
|a Includes bibliographical references.
|
| 505 |
0 |
|
|a ¿Qué queremos decir cuando decimos "Palabra de Dios"? "La revelación como Palabra de Dios" / Vicente Vide Rodríguez -- "¿Entiendes lo que lees?" (Hch 8, 30) La Biblia, entre la Ilustración y el Fundamentalismo / Eduardo Arens -- La "Reconstrucción" de la Biblia: Los apócrifos y la memoria / Carlos Gil Arbiol -- De Babel a Pentecostés: Claves bíblicas para una nueva espiritualidad en un contexto interreligioso e intercultural / Lucía Ramón Carbonell -- Dioses, monos y humanos: La respuesta de la Ciencia y de la Biblia a los orígenes de la humanidad / Leandro Sequeiros San Román.
|
| 630 |
0 |
0 |
|a Bible
|x Criticism, interpretation, etc.
|
| 650 |
|
0 |
|a Spirituality
|x Biblical teaching.
|
| 650 |
|
0 |
|a Christianity and culture.
|
| 650 |
|
0 |
|a Revelation
|x Christianity.
|
| 655 |
|
0 |
|a Electronic books.
|
| 700 |
1 |
|
|a Arens, Eduardo.
|
| 700 |
1 |
|
|a Gil Arbiol, Carlos.
|
| 700 |
1 |
|
|a Ramón Carbonell, Lucía.
|
| 700 |
1 |
|
|a Sequeiros San Román, Leandro.
|
| 710 |
2 |
|
|a Universidad de Deusto.
|b Facultad de Teología.
|
| 791 |
2 |
|
|a Digitalia (Firm),
|e distributor.
|
| 830 |
|
0 |
|a Cuadernos de teología Deusto ;
|v no. 35.
|
| 793 |
0 |
|
|g Digitalia eBook Collection:
|a Universidad de Deusto.
|
| 856 |
4 |
0 |
|3 Digitalia Hispánica
|u https://www.digitaliapublishing.com/a/14900/
|
| 910 |
|
|
|a Premium Collection: 2007-2012
|